000
00235nam a22000977a 4500
008
170112b xxu||||| |||| 00| 0 eng d
041
_a
eng
080
_2
7TH
_a
618.2
245
_a
LABORATORY AND DIAGNOSTIC TESTS
_c
KEE, J.L
942
_2
udc
_c
BK
999
_c
2748
_d
2748